000 00333nam a2200145Ia 4500
005 20251222153642.0
008 251222s9999||||xx |||||||||||||| ||spa||
020 _a8434412489
082 _a616.6/R59
100 _aRial, Rubén V.
245 0 _aSexosofía:
250 _a1ra. ed.
264 _bEditorial Ariel, S.A.
942 _cLIB
999 _c32779
_d32779